LEADER 00922nam--2200325---450- 001 990003498260203316 005 20110216134131.0 035 $a000349826 035 $aUSA01000349826 035 $a(ALEPH)000349826USA01 035 $a000349826 100 $a20110216d1932----km-y0itay50------ba 101 $aita 102 $aIT 105 $ay---||||001yy 200 1 $aTerapia medica speciale$fNicola Pende$gcon la collaborazione degli allievi Renzo Antognetti...[et al.] 210 $aMilano$cWassermann & C.$d1932 215 $a967 p.$d24 cm 606 0 $aTerapeutica$2BNCF 676 $a615.5 700 1$aPENDE,$bNicola$088303 702 1$aANTOGNETTI,$bRenzo 801 0$aIT$bsalbc$gISBD 912 $a990003498260203316 951 $aFDC 24$b1332 Med.$cFDC 959 $aBK 969 $aMED 979 $aCIANATIEMP$b90$c20110216$lUSA01$h1341 996 $aTerapia medica speciale$9108416 997 $aUNISA LEADER 02436nam0 2200469 i 450 001 VAN0113535 005 20230705094324.618 017 70$2N$a9783319182391 100 $a20180111d2015 |0itac50 ba 101 $aeng 102 $aCH 105 $a|||| ||||| 200 1 $aActuarial sciences and quantitative finance$eICASQF, Bogotá, Colombia, june 2014$fJaime A. Londoño, José Garrido, Daniel Hernández-Hernández editors 210 $a[Cham]$cSpringer$d2015 215 $aXI, 98 p.$cill.$d24 cm 410 1$1001VAN0102574$12001 $aSpringer proceedings in mathematics & statistics$1210 $aBerlin [etc.]$cSpringer$v135 500 1$3VAN0234826$aActuarial sciences and quantitative finance : ICASQF, Bogotá, Colombia, june 2014$91522652 606 $a91B05$xRisk models (general) [MSC 2020]$3VANC019981$2MF 606 $a91Gxx$xActuarial science and mathematical finance [MSC 2020]$3VANC020093$2MF 606 $a00B25$xProceedings of conferences of miscellaneous specific interest [MSC 2020]$3VANC020732$2MF 606 $a91-XX$xGame theory, economics, finance, and other social and behavioral sciences [MSC 2020]$3VANC025601$2MF 606 $a62P05$xApplications of statistics to actuarial sciences and financial mathematics [MSC 2020]$3VANC030682$2MF 610 $aActuarial sciences$9KW:K 610 $aApplied probability$9KW:K 610 $aDerivative valuation$9KW:K 610 $aQuantitative Finance$9KW:K 610 $aRisk theory$9KW:K 610 $aStatistics$9KW:K 620 $aCH$dCham$3VANL001889 702 1$aGarrido$bJosé$3VANV087652 702 1$aHernández-Hernández$bDaniel$3VANV087653 702 1$aLondoño$bJaime A.$3VANV087651 712 12$aInternational Congress on Actuarial Science and Quantitative Finance$d1.$f2014$eBogotà, Colombia$3VANV087654 712 $aSpringer $3VANV108073$4650 801 $aIT$bSOL$c20240614$gRICA 856 4 $uhttp://dx.doi.org/10.1007/978-3-319-18239-1$zE-book ? Accesso al full-text attraverso riconoscimento IP di Ateneo, proxy e/o Shibboleth 899 $aBIBLIOTECA DEL DIPARTIMENTO DI MATEMATICA E FISICA$1IT-CE0120$2VAN08 912 $fN 912 $aVAN0113535 950 $aBIBLIOTECA DEL DIPARTIMENTO DI MATEMATICA E FISICA$d08CONS e-book 0057 $e08eMF57 20180115 996 $aActuarial sciences and quantitative finance$91522652 997 $aUNICAMPANIA LEADER 01295nam0 22003133i 450 001 VAN00290961 005 20250408090606.374 010 $a88-14-13597-5 100 $a20250408d2007 |0itac50 ba 101 $aita 102 $aIT 105 $a|||| ||||| 181 $ai$b e 182 $an 183 $anc 200 1 $aˆLa ‰terza via al giudizio di legittimità costituzionale$econtributo allo studio del controllo di costituzionalità degli statuti regionali$fAndrea Cardone 210 $aMilano$cGiuffrè$d2007 215 $aXX, 530 p.$d24 cm 316 $aFondo Ferrara$5IT-IT-CE0105 CONSF.G.1181 410 1$1001VAN00009601$12001 $aPubblicazioni del Dipartimento di scienze giuridiche$fUniversità degli studi di Sassari$v13 620 $dMilano$3VANL000284 700 1$aCardone$bAndrea$3VANV073408$0503425 712 $aGiuffrè $3VANV109181$4650 801 $aIT$bSOL$c20251114$gRICA 899 $aBIBLIOTECA DEL DIPARTIMENTO DI GIURISPRUDENZA$1IT-CE0105$2VAN00 912 $aVAN00290961 950 $aBIBLIOTECA DEL DIPARTIMENTO DI GIURISPRUDENZA$d00CONS F.G.1181 $e00FG 1181 20250408 Fondo Ferrara 996 $aTerza Via al giudizio di legittimità costituzionale$9717679 997 $aUNICAMPANIA